000 01083nam a2200277 i 4500
999 _c56785
_d56785
001 RU\SPSTU\books\181465
005 20221006114606.0
008 041124s1995ru xx y z 000 zyrus u
015 _a95-23176
035 _aru95-23176
040 _aSPSTU
_c19013582
_d19013582
_epsbo
_ePSBO
_ePSBO
041 1 _arus
_hger
084 _2rubbk
_a67.919 Г-22
100 1 _aГассер Х.-П.
_qХанс-Петер
_9350
245 1 _aМеждународное гуманитарное право
_bвведение /
_cХ.-П. Гассер
260 _aМосква
_bМеждунар. ком. Красного Креста
_c1995
300 _a125 с.
500 _aДоп. тит. л. на нем. яз.
504 _aБиблиогр. в примеч.
653 _aსამართალი
653 _aსაერთაშორისო სამართალი
653 _aჰუმანიტარული სამართალი
852 _a19013582
852 _a19013582
_bНЧЗ_ДИ
_hББК 67.9
_iГ226
_p7491282
_t1
_u10,00
942 _2udc
_cBK